Il cammino della pastorale familiare in Italia. (Record n. 209673)

Dettagli MARC
000 -LEADER
campo di controllo lung. fissa 01094nam a2200229Ia 4500
001 - Numero di controllo
campo di controllo b766-23034 [1580]
003 - Identificatore del numero di controllo
campo di controllo IT-MiCISF
005 - Data e orario dell'ultima transazione
campo di controllo 20240919122447.0
008 - Elementi di lunghezza fissa--Informazione generale
campo di controllo lung. fissa 161014s9999||||xx |||||||||||||| ||und||
040 ## - Fonte della catalogazione
Agenzia catalografica originale IT-MiCISF
Agenzia che fa la trascrizione IT-MiCISF
041 ## - Codice di lingua
Codice di lingua del testo/traccia sonora o titolo separato it
100 ## - Accesso principale -- nome di persona
Nome di persona Conferenza Episcopale Italiana. Commissione per la famiglia
9 (RLIN) 60967
245 #0 - Formulazione del titolo
Titolo Il cammino della pastorale familiare in Italia.
Complemento del titolo Dalla presa di coscienza alla realizzazione.
Formulazione di responsabilità, ecc. Atti del Convegno nazionale, Roma, 3-6 maggio 1979
260 ## - Pubblicazione, distribuzione, ecc. (stampa)
Luogo di pubblicazione, distribuzione, ecc. Roma,
Nome dell'editore, distributore, ecc. AVE,
Data di pubblicazione, distribuzione, ecc. 1979
300 ## - Descrizione fisica
Estensione pp. 285
500 ## - Nota generale
Nota generale famiglia, cambiamenti-famiglia, matrimonio, divorzio, chiesa-locale, chiesa-domestica, pastorale-familiare, preparazione-al-matrimonio, evangelizzazione, procreazione-responsabile
650 ## - Accesso aggiunto di soggetto--termine topico
Termine topico o nome geografico come accesso pastorale-familiare
654 ## - Accesso aggiunto di soggetto--termini topici faccettati
Termine principale atti
700 ## - Accesso aggiunto--nome di persona
Nome di persona Fiordelli P., Campanini G, Campanini G., Felici P., Riva C., Maverna L., Rubin W.,
-- Colombo G., Scabini P., Simonis S. e G., Zappone C. e D., Melchiorre V.,
-- Bertazzoni A. e N., Fregni G., Biancardi M. e D., Cappella A.
9 (RLIN) 60968
942 ## - Dati aggiuntivi (Koha)
Tipo copia default (Koha) LIBRO
Fonte della classificazione o dello schema di collocazione (segnatura) Dewey Decimal Classification
999 ## - Sys Number locale (Koha)
Koha Dewey Subclass [OBSOLETE] si
Dati di copia
Ritirato (status) Perso (status) Danneggiato (status) Non per il presito Biblioteca proprietaria Biblioteca in cui si trova Data d'acquisizione Totale prestiti Collocazione Data ultima operazione Prezzo in vigore dal Tipo copia default (Koha) Nota pubblica
    Buone Condizioni Not For Loan CISF - Milano CISF - Milano 14/10/2016   b766-23034 [1580] 14/10/2016 14/10/2016 LIBRO Data import 15.10.2016 / by Epidotti, Vaglietti
CREDITS: SOCIETA' SAN PAOLO Via A.Severo, 58 - ROMA (RM) & PERIODICI SAN PAOLO SRL Via Giotto, 36 MILANO & CISF Via Giotto, 36 MILANO & EDIZIONI SAN PAOLO SRL,  Piazza Soncino, 5 CINISELLO BALSAMO (MI) -- ITALY